Physics for Radiation Protection : A Handbook

Gespeichert in:
Bibliographische Detailangaben
1. Verfasser: Martin, James E. (Verfasst von)
Format: Buch
Sprache:Englisch
Veröffentlicht: Weinheim : Wiley-VCH Verlag Gmbh, 2006
Schlagworte:
Tags: Tag hinzufügen
Keine Tags, Fügen Sie das erste Tag hinzu!

MARC

LEADER 00000nam a22000003a 4500
001 stu175542
005 20190206124126.8
008 081107s2006----gw------------------eng-d
020 |a 3-527-40611-5 
040 |a STU  |b slo 
041 0 |a eng 
044 |a gw 
080 |a 623.454.832 
080 |a 613.648  |7 stu_us_auth*stu19298 
100 1 |a Martin, James E.  |4 aut 
245 1 |a Physics for Radiation Protection :  |b A Handbook 
260 |a Weinheim :  |b Wiley-VCH Verlag Gmbh,  |c 2006 
300 |a 822 s 
650 7 |a radiácia  |2 stusub 
650 7 |a radiačná ochrana  |2 stusub 
996 |b 284EK87719  |c E*87719  |l EE10  |s P  |a 0  |w stu175542_0001